| 000 | 01179nac a22002771u 4500 | ||
|---|---|---|---|
| 010 | _a 2007295301 | ||
| 020 | _a0521861705 (hbk.) | ||
| 020 | _a9780521861700 (hbk.) | ||
| 035 | _a(OCoLC)ocm71347552 | ||
| 035 | _a(OCoLC)71347552 | ||
| 082 | 0 | 4 |
_a332.015196 _bC8164 |
| 090 |
_c3331 _d3331 |
||
| 100 | _aCornuejols, Gerard, | ||
| 245 | 1 | 0 |
_aOptimization methods in finance / _cGerard Cornuejols, Reha TuÌ(tuÌ(ncuÌ(. |
| 260 |
_aCambridge, UK ; _aNew York : _bCambridge University Press,2007 _c2007. |
||
| 300 |
_axii, 345 p. ; _c26 cm. |
||
| 440 | 0 | _aMathematics, finance, and risk | |
| 504 | _aIncludes bibliographical references (p. 338-341) and index. | ||
| 650 | 0 |
_aFinance _xMathematical models. |
|
| 650 | 0 | _aMathematical optimization. | |
| 700 | 1 | _aTuÌ(tuÌ(ncuÌ(, Reha. | |
| 856 | 4 | 2 |
_3Publisher description _uhttp://www.loc.gov/catdir/enhancements/fy0710/2007295301-d.html |
| 856 | 4 | 2 |
_3Table of contents only _uhttp://www.loc.gov/catdir/enhancements/fy0710/2007295301-t.html |
| 942 |
_cBB _k332.015196C8164 |
||
| 999 |
_c3331 _d3331 |
||